[Event "Preinscritos IRT Online"]
[Site "Chess.com INT"]
[Date "2020.12.26"]
[Round "2"]
[White "Zapata Jumbo, Gabriel Alexander"]
[Black "Aguirre Silva, Freddy Alberto"]
[Result "1-0"]
[WhiteElo "881"]
[BlackElo "1517"]
[PlyCount "69"]
[EventDate "2020.12.26"]
[EventType "swiss"]
[EventRounds "11"]
[EventCountry "ECU"]
[SourceTitle "CBM 200 Extra"]
[Source "ChessBase"]
[SourceDate "2021.03.31"]
[SourceVersion "1"]
[SourceVersionDate "2021.03.31"]
[SourceQuality "1"]

1. d4 e6 2. Bf4 f5 3. e3 Be7 4. Nd2 Nf6 5. Bd3 0-0 6. Ngf3 b6 7. 0-0 Bb7 8. Qc1 Nc6 9. Ne5 Qe8 10. Ndf3 Qg6 11. Nxg6 hxg6 12. Ne5 Nb4 13. Nxg6 Rf7 14. Nxe7+ Rxe7 15. a3 Nbd5 16. Bg3 Rf7 17. c4 Ne7 18. Be5 Raf8 19. Bxc7 Rc8 20. Bd6 Ng6 21. c5 Ne8 22. e4 fxe4 23. Bxe4 Bxe4 24. Re1 Bb7 25. Qe3 Rf5 26. a4 bxc5 27. Bxc5 Nh8 28. Bxa7 Rf6 29. a5 Rg6 30. f3 Ba6 31. Rac1 Ra8 32. Bb6 Nd6 33. b3 Nb5 34. Qe4 Nd6 35. Qxa8+ 1-0